[Event "Ratinger SK 1 - SK Turm Kleve 1"]
[Site "NRW-Klasse - Gruppe 3 2019/20"]
[Date "2020.01.12"]
[Round "5.4"]
[White "Gatterer, Matthias"]
[Black "Albers, Sasa"]
[Result "0-1"]
[WhiteElo "1984"]
[BlackElo "2028"]
[PlyCount "118"]
[EventDate "2020.??.??"]
[SourceVersionDate "2020.03.16"]
[WhiteTeam "Ratinger SK 1"]
[BlackTeam "SK Turm Kleve 1"]

1. Nf3 Nf6 2. c4 e6 3. Nc3 Bb4 4. Qc2 O-O 5. g3 b6 6. Bg2 Bb7 7. O-O Bxc3 8.
Qxc3 a5 9. b3 d6 10. Bb2 Nbd7 11. a3 e5 12. b4 Qe7 13. d3 Rfe8 14. Qb3 h6 15.
Bc3 Nh7 16. Qb2 Reb8 17. Qd2 axb4 18. axb4 Nhf8 19. Qb2 Ne6 20. Rxa8 Rxa8 21.
Ra1 Qe8 22. Rxa8 Qxa8 23. Qa1 Qxa1+ 24. Bxa1 Nf6 25. Nd2 Bxg2 26. Kxg2 Kf8 27.
Nb3 Ke7 28. Bc3 Nd7 29. e3 f6 30. Kf1 c6 31. Ke2 d5 32. Na1 Kd6 33. Nc2 dxc4
34. dxc4 e4 35. Bd4 Ne5 36. Bxb6 Nxc4 37. Ba7 Kd5 38. Na1 Ne5 39. Nb3 Nd3 40.
Nd2 Nxb4 41. f3 exf3+ 42. Kxf3 c5 43. Kg4 g6 44. h4 h5+ 45. Kf3 Nc6 46. Bb6
Ne5+ 47. Ke2 f5 48. Ba7 Nd7 49. Kd3 Kc6 50. e4 Kb7 51. exf5 gxf5 52. Bxc5
Ndxc5+ 53. Ke2 Kc6 54. Nf1 Kd5 55. Kf3 Ke5 56. Nh2 Nd4+ 57. Kg2 Ne4 58. Kh3 Ne2
59. Nf1 N2xg3 0-1

[Event "Ratinger SK 1 - SK Turm Kleve 1"]
[Site "NRW-Klasse - Gruppe 3 2019/20"]
[Date "2020.01.12"]
[Round "5.5"]
[White "Brandt, Thorsten"]
[Black "Liedtke, Dirk"]
[Result "0-1"]
[WhiteElo "1963"]
[BlackElo "2110"]
[PlyCount "130"]
[EventDate "2020.??.??"]
[SourceVersionDate "2020.03.16"]
[WhiteTeam "SK Turm Kleve 1"]
[BlackTeam "Ratinger SK 1"]

1. d4 Nf6 2. Nf3 g6 3. g3 Bg7 4. Bg2 O-O 5. O-O c6 6. b3 d5 7. c4 Bf5 8. Bb2 a5
9. Nbd2 a4 10. Nh4 Bd7 11. Qc1 Na6 12. h3 Qc8 13. Kh2 g5 14. Nhf3 g4 15. Ne5
gxh3 16. Nxd7 Ng4+ 17. Kxh3 Qxd7 18. Bf3 Ne3+ 19. Kh2 Nxf1+ 20. Nxf1 Nc7 21.
Qg5 axb3 22. a3 dxc4 23. Ne3 f6 24. Qh4 f5 25. Nxc4 Qe6 26. Nd2 Qh6 27. Qxh6
Bxh6 28. Nxb3 Ra7 29. e3 e6 30. Nc5 Bg7 31. Be2 b6 32. Nd7 Rd8 33. Nxb6 c5 34.
Rc1 cxd4 35. exd4 Bxd4 36. Bxd4 Rxd4 37. Kg2 Nd5 38. Nxd5 exd5 39. Rc3 Kg7 40.
Bb5 f4 41. a4 fxg3 42. Kxg3 Kf6 43. Re3 h5 44. Ra3 Rb4 45. Bc6 Ke5 46. a5 Kd6
47. Be8 h4+ 48. Kh3 Kc5 49. Bg6 Rf4 50. a6 Kb4 51. Ra1 Kc3 52. Ra3+ Kb4 53. Ra1
Rf6 54. Rb1+ Kc3 55. Bh5 Raxa6 56. Kxh4 Rxf2 57. Kg3 Rc2 58. Kf3 Rf6+ 59. Ke3
d4+ 60. Ke4 d3 61. Bd1 Kd2 62. Bg4 Rc4+ 63. Ke5 Rxg4 64. Kxf6 Kc2 65. Rb8 Rc4
0-1

[Event "Ratinger SK 1 - SK Turm Kleve 1"]
[Site "NRW-Klasse - Gruppe 3 2019/20"]
[Date "2020.01.12"]
[Round "5.6"]
[White "Podhorsky, Roman"]
[Black "Krebbers, Wilfried"]
[Result "0-1"]
[WhiteElo "1995"]
[BlackElo "1943"]
[PlyCount "68"]
[EventDate "2020.??.??"]
[SourceVersionDate "2020.03.16"]
[WhiteTeam "Ratinger SK 1"]
[BlackTeam "SK Turm Kleve 1"]

1. e4 g6 2. d4 Bg7 3. Nf3 c5 4. c3 cxd4 5. cxd4 d5 6. exd5 Qxd5 7. Nc3 Qa5 8.
Bc4 Nf6 9. Ne5 O-O 10. O-O Nc6 11. Re1 e6 12. Bf4 Qb4 13. a3 Qb6 14. Nxc6 Qxc6
15. Qb3 Bd7 16. Be2 Nd5 17. Bb5 Qb6 18. Nxd5 exd5 19. Ba4 Bxa4 20. Qxa4 Qxd4
21. Qxd4 Bxd4 22. Rad1 Bxb2 23. Rxd5 Bxa3 24. Rd7 Rfe8 25. Red1 Re7 26. R7d3
Bb2 27. Bh6 Bg7 28. Bg5 f6 29. Be3 b5 30. h4 a5 31. h5 gxh5 32. Bc5 Rb7 33. Rd5
b4 34. Rxh5 a4 0-1

[Event "Ratinger SK 1 - SK Turm Kleve 1"]
[Site "NRW-Klasse - Gruppe 3 2019/20"]
[Date "2020.01.12"]
[Round "5.7"]
[White "Verfuerth, Thomas"]
[Black "Meis, Carsten"]
[Result "1/2-1/2"]
[WhiteElo "2003"]
[BlackElo "1986"]
[Annotator "Daniel"]
[PlyCount "102"]
[EventDate "2020.??.??"]
[SourceVersionDate "2020.03.16"]
[WhiteTeam "SK Turm Kleve 1"]
[BlackTeam "Ratinger SK 1"]

1. c4 Nf6 2. Nc3 g6 3. g3 Bg7 4. Bg2 O-O 5. e4 d6 6. Nge2 c6 7. O-O e5 8. d3 a5
9. h3 Na6 10. f4 b5 11. f5 h5 12. Be3 d5 13. exd5 Bxf5 14. dxc6 b4 15. Nd5 Nxd5
16. cxd5 Rb8 17. Qb3 Re8 18. Qc4 Nc7 19. g4 hxg4 20. hxg4 Bxg4 21. Qxg4 Nxd5
22. Qf3 Nxe3 23. Qxe3 Rc8 24. Qf3 Re7 25. Rac1 e4 26. dxe4 Bxb2 27. Rc2 Be5 28.
Nf4 Qb6+ $11 29. Kh1 Bxf4 30. Qxf4 Rxc6 31. Rxc6 Qxc6 32. Rc1 Qe6 33. Qh4 Kg7
34. Qf2 Rd7 35. Qb2+ Kh7 36. Rf1 Qg4 37. Rf3 Kg8 38. Qe2 Qh5+ 39. Kg1 Qc5+ 40.
Kh2 Qh5+ 41. Kg1 Qc5+ 42. Qf2 Qc1+ 43. Bf1 Qg5+ 44. Rg3 Qe5 45. Qe3 Rd1 46. Rf3
a4 47. Rf2 Rb1 48. Qd3 Ra1 49. Qe3 Rb1 50. Rd2 Qf6 51. Rf2 Qe5 1/2-1/2

[Event "Ratinger SK 1 - SK Turm Kleve 1"]
[Site "NRW-Klasse - Gruppe 3 2019/20"]
[Date "2020.01.12"]
[Round "5.8"]
[White "Katz, Rafael"]
[Black "Hoenselaar, Dennis"]
[Result "1-0"]
[WhiteElo "1971"]
[BlackElo "1772"]
[PlyCount "67"]
[EventDate "2020.??.??"]
[SourceVersionDate "2020.03.16"]
[WhiteTeam "Ratinger SK 1"]
[BlackTeam "SK Turm Kleve 1"]

1. d4 Nf6 2. Bf4 g6 3. e3 Bg7 4. Nf3 d6 5. h3 O-O 6. Bc4 c5 7. c3 a6 8. a4 b6
9. Nbd2 Bb7 10. O-O Nbd7 11. Qe2 cxd4 12. exd4 Nd5 13. Bh2 Bh6 14. Rfe1 Re8 15.
Qe4 N7f6 16. Qh4 Bg7 17. Ng5 h6 18. Nge4 Rc8 19. Nxf6+ Nxf6 20. Qg3 Qd7 21. Bb3
Qf5 22. Nc4 Nh5 23. Qg4 Qxg4 24. hxg4 Nf6 25. Nxb6 Rb8 26. a5 Nxg4 27. Ba4 Red8
28. Rxe7 Nxh2 29. Kxh2 Bf6 30. Rc7 Bc8 31. Re1 Bg5 32. Kg1 Bf5 33. Bb3 d5 34.
Bxd5 1-0

[Event "Kölner SK Dr. Lasker 2 - Oberhausener "]
[Site "NRW-Klasse - Gruppe 3 2019/20"]
[Date "2020.01.12"]
[Round "5.1"]
[White "Becker, Marcel"]
[Black "di Franco, Patrizio"]
[Result "1/2-1/2"]
[WhiteElo "2350"]
[BlackElo "2024"]
[Annotator "Daniel"]
[PlyCount "71"]
[EventDate "2020.??.??"]
[SourceVersionDate "2020.03.16"]
[WhiteTeam "Oberhausener SV 1"]
[BlackTeam "Kölner SK Dr. Lasker 2"]

1. d4 d5 2. c4 e6 3. Nc3 c5 4. cxd5 cxd4 5. Qa4+ Bd7 6. Qxd4 exd5 7. Qxd5 Nf6
8. Qd1 Bc5 9. Nf3 O-O 10. e3 Nc6 11. Be2 Qe7 12. O-O Rfd8 13. a3 a5 14. Qc2
Rac8 15. Bd2 Ne5 16. Rad1 b5 17. Qb1 b4 $11 18. axb4 axb4 19. Ne4 Nxe4 20. Qxe4
Nxf3+ 21. Bxf3 Qxe4 22. Bxe4 Ba4 23. Ra1 Rxd2 24. Rxa4 Rxb2 25. Rc1 Rd8 26. g3
Bf8 27. Ra7 b3 28. Rb7 g6 29. Rb5 Rdd2 30. Rf1 Bh6 31. Bd5 Rxf2 32. Rxf2 Bxe3
33. Bxf7+ Kg7 34. Rxb3 Bxf2+ 35. Kf1 Rxb3 36. Bxb3 1/2-1/2

[Event "Kölner SK Dr. Lasker 2 - Oberhausener "]
[Site "NRW-Klasse - Gruppe 3 2019/20"]
[Date "2020.01.12"]
[Round "5.2"]
[White "Mandt, Mathias"]
[Black "Hort, Vlastimil"]
[Result "0-1"]
[WhiteElo "2045"]
[BlackElo "2350"]
[PlyCount "128"]
[EventDate "2020.??.??"]
[SourceVersionDate "2020.03.16"]
[WhiteTeam "Kölner SK Dr. Lasker 2"]
[BlackTeam "Oberhausener SV 1"]

1. d4 Nf6 2. c4 g6 3. Nc3 d5 4. cxd5 Nxd5 5. e4 Nxc3 6. bxc3 Bg7 7. Bc4 Nc6 8.
Ne2 b6 9. Be3 Bb7 10. Rc1 Qd7 11. f3 O-O 12. Qd2 Na5 13. Bd3 c5 14. h4 cxd4 15.
cxd4 Rac8 16. h5 Rxc1+ 17. Qxc1 Rc8 18. Qd2 e5 19. hxg6 fxg6 20. d5 Nc4 21.
Bxc4 Rxc4 22. O-O Ba6 23. Rc1 Bf8 24. Rxc4 Bxc4 25. Nc1 Bd6 26. Qc2 Qb5 27. g3
h5 28. Kh2 Kh7 29. f4 h4 30. Qc3 hxg3+ 31. Kxg3 exf4+ 32. Bxf4 Qb4 33. Qxb4
Bxb4 34. Bc7 Kg7 35. Nb3 Kf7 36. Kf4 Ke7 37. Kg5 Kd7 38. Bf4 a5 39. Kxg6 a4 40.
Nc1 b5 41. Kf5 Ba3 42. Bh6 Bb2 43. Bd2 Bd4 44. Bb4 Be3 45. e5 Bxd5 46. Nd3 Bxa2
47. Ke4 Bg5 48. Nc5+ Kc6 49. Kd4 Bb1 50. Ba3 Be7 51. Bb4 Bh4 52. Ne4 Bxe4 53.
Kxe4 Bg5 54. e6 Bc1 55. Kd3 Bb2 56. Kc2 Bf6 57. Kd3 Kc7 58. Kc2 Kd8 59. Kd3 Be7
60. Ba5+ Kc8 61. Kc3 Kb7 62. Kd4 Kc6 63. Ke5 a3 64. Bc3 b4 0-1

[Event "Kölner SK Dr. Lasker 2 - Oberhausener "]
[Site "NRW-Klasse - Gruppe 3 2019/20"]
[Date "2020.01.12"]
[Round "5.3"]
[White "Montignies, Rainer"]
[Black "Diesner, Michael"]
[Result "1/2-1/2"]
[WhiteElo "2256"]
[BlackElo "2069"]
[PlyCount "66"]
[EventDate "2020.??.??"]
[SourceVersionDate "2020.03.16"]
[WhiteTeam "Oberhausener SV 1"]
[BlackTeam "Kölner SK Dr. Lasker 2"]

1. Nf3 c5 2. b3 Nc6 3. c4 e5 4. Bb2 d6 5. Nc3 g6 6. g3 Bg7 7. d3 f5 8. Bg2 Nf6
9. O-O O-O 10. e3 h6 11. Qe2 Re8 12. Nd2 Be6 13. Nd5 Bf7 14. a3 Nxd5 15. cxd5
Ne7 16. e4 Qd7 17. b4 b6 18. bxc5 bxc5 19. Nc4 g5 20. Rab1 Rab8 21. Bc3 h5 22.
Rb2 Rxb2 23. Qxb2 h4 24. Rb1 Bg6 25. Qb7 Qxb7 26. Rxb7 h3 27. Nxd6 Rd8 28. Bxh3
Rxd6 29. Rxe7 Bf6 30. Rxa7 g4 31. Bg2 Rb6 32. h4 gxh3 33. exf5 Rb1+ 1/2-1/2

[Event "Kölner SK Dr. Lasker 2 - Oberhausener "]
[Site "NRW-Klasse - Gruppe 3 2019/20"]
[Date "2020.01.12"]
[Round "5.4"]
[White "Rastelli, Michele"]
[Black "Kummerow, Heiko"]
[Result "0-1"]
[WhiteElo "2013"]
[BlackElo "2226"]
[PlyCount "76"]
[EventDate "2020.??.??"]
[SourceVersionDate "2020.03.16"]
[WhiteTeam "Kölner SK Dr. Lasker 2"]
[BlackTeam "Oberhausener SV 1"]

1. d4 Nf6 2. Nf3 g6 3. Bg5 Bg7 4. Nbd2 O-O 5. e4 d5 6. exd5 Nxd5 7. c3 h6 8.
Bh4 c5 9. Nc4 Nc6 10. Nce5 Be6 11. Bg3 cxd4 12. Nxc6 bxc6 13. Nxd4 Bd7 14. Bc4
Qb6 15. Bb3 a5 16. Rb1 a4 17. Bxd5 cxd5 18. O-O e5 19. Nc2 f5 20. h3 f4 21. Bh2
Bf5 22. b3 Qc5 23. Rc1 Rad8 24. Nb4 g5 25. Nd3 Qb5 26. Nb2 a3 27. Na4 d4 28. c4
Qd7 29. f3 d3 30. Qd2 e4 31. fxe4 Bd4+ 32. Kh1 Be3 33. Qc3 d2 34. Rcd1 Bxe4 35.
Qe5 Qc6 36. Rg1 f3 37. Bg3 fxg2+ 38. Kh2 Bxg1+ 0-1

[Event "Kölner SK Dr. Lasker 2 - Oberhausener "]
[Site "NRW-Klasse - Gruppe 3 2019/20"]
[Date "2020.01.12"]
[Round "5.5"]
[White "Ciornei, Dragos"]
[Black "Rosenkraenzer, Torsten"]
[Result "1-0"]
[WhiteElo "2141"]
[BlackElo "1996"]
[PlyCount "67"]
[EventDate "2020.??.??"]
[SourceVersionDate "2020.03.16"]
[WhiteTeam "Oberhausener SV 1"]
[BlackTeam "Kölner SK Dr. Lasker 2"]

1. e4 c5 2. Nf3 e6 3. d4 cxd4 4. Nxd4 Nf6 5. Nc3 d6 6. g4 h6 7. Rg1 Nc6 8. Be3
a6 9. Qe2 Qc7 10. O-O-O Bd7 11. f3 Nxd4 12. Bxd4 e5 13. Be3 Bc6 14. h4 Nd7 15.
g5 hxg5 16. hxg5 g6 17. Qd2 b5 18. Nd5 Bxd5 19. Qxd5 Rc8 20. Rg2 Nb6 21. Qd2
Nc4 22. Bxc4 Qxc4 23. Kb1 Be7 24. Rh2 Kd7 25. Rxh8 Rxh8 26. f4 Qxe4 27. fxe5
Rh1 28. Bg1 Qxe5 29. Qg2 Rh4 30. Qb7+ Ke8 31. Qc8+ Bd8 32. Bb6 Qe7 33. Bxd8
Qxd8 34. Re1+ 1-0

[Event "Kölner SK Dr. Lasker 2 - Oberhausener "]
[Site "NRW-Klasse - Gruppe 3 2019/20"]
[Date "2020.01.12"]
[Round "5.6"]
[White "Mews, Bernhard"]
[Black "Alkhazashvili, Ololi"]
[Result "1/2-1/2"]
[WhiteElo "1975"]
[BlackElo "2158"]
[PlyCount "77"]
[EventDate "2020.??.??"]
[SourceVersionDate "2020.03.16"]
[WhiteTeam "Kölner SK Dr. Lasker 2"]
[BlackTeam "Oberhausener SV 1"]

1. d4 Nf6 2. Nc3 d5 3. Bf4 g6 4. e3 Bg7 5. h4 a6 6. Be2 h6 7. Nf3 Bg4 8. Ne5
Bxe2 9. Qxe2 O-O 10. f3 c5 11. O-O-O cxd4 12. exd4 Nc6 13. Qe3 Kh7 14. Rhe1 e6
15. Kb1 Rc8 16. Ng4 Nxg4 17. fxg4 Qb6 18. Ne2 Na5 19. g5 h5 20. g4 Nc4 21. Qb3
hxg4 22. h5 gxh5 23. Rh1 Qxb3 24. axb3 Nb6 25. Bd6 Rh8 26. Nf4 Nd7 27. Rxh5+
Kg8 28. Rxh8+ Bxh8 29. c3 Rc6 30. Ba3 Bg7 31. Rg1 f5 32. gxf6 Nxf6 33. Ng6 Kh7
34. Ne5 Rc8 35. Nxg4 Nxg4 36. Rxg4 Bh6 37. Rg2 Rg8 38. Re2 Rg1+ 39. Kc2 1/2-1/2

[Event "Kölner SK Dr. Lasker 2 - Oberhausener "]
[Site "NRW-Klasse - Gruppe 3 2019/20"]
[Date "2020.01.12"]
[Round "5.7"]
[White "Nissen, Claus"]
[Black "Glaser, Steffen"]
[Result "1-0"]
[WhiteElo "2107"]
[BlackElo "1944"]
[PlyCount "111"]
[EventDate "2020.??.??"]
[SourceVersionDate "2020.03.16"]
[WhiteTeam "Oberhausener SV 1"]
[BlackTeam "Kölner SK Dr. Lasker 2"]

1. Nf3 d6 2. d4 g6 3. e4 Nf6 4. Nc3 Bg7 5. Be2 Nbd7 6. e5 dxe5 7. dxe5 Ng4 8.
e6 Nde5 9. exf7+ Nxf7 10. Bf4 e5 11. Qxd8+ Nxd8 12. Bg3 O-O 13. h3 Nh6 14. Bxe5
Bxe5 15. Nxe5 Re8 16. O-O-O Nhf7 17. Bc4 Be6 18. Bxe6 Nxe6 19. Nxf7 Kxf7 20.
Rd7+ Re7 21. Rxe7+ Kxe7 22. Re1 Rd8 23. Nb5 Kf7 24. g3 c6 25. Na3 b5 26. Rd1
Rxd1+ 27. Kxd1 Ng5 28. h4 Ne4 29. Ke2 Ke6 30. Ke3 Kd5 31. g4 b4 32. Nb1 c5 33.
f3 Nd6 34. Nd2 Ke6 35. c4 bxc3 36. bxc3 Kd5 37. Ne4 Nb5 38. g5 Kc4 39. Kd2 a5
40. a4 Na3 41. f4 Kd5 42. Nf6+ Ke6 43. Nxh7 Kf5 44. Kd3 Kxf4 45. Nf8 Kf5 46.
Nd7 c4+ 47. Kd2 Kg4 48. Ne5+ Kxh4 49. Nxg6+ Kxg5 50. Ne7 Kf4 51. Kc1 Ke4 52.
Kb2 Kd3 53. Kxa3 Kxc3 54. Nc6 Kd3 55. Nxa5 c3 56. Kb4 1-0

[Event "Kölner SK Dr. Lasker 2 - Oberhausener "]
[Site "NRW-Klasse - Gruppe 3 2019/20"]
[Date "2020.01.12"]
[Round "5.8"]
[White "Lommen, Frank"]
[Black "Groß, Thomas"]
[Result "1/2-1/2"]
[WhiteElo "1924"]
[BlackElo "2004"]
[PlyCount "32"]
[EventDate "2020.??.??"]
[SourceVersionDate "2020.03.16"]
[WhiteTeam "Kölner SK Dr. Lasker 2"]
[BlackTeam "Oberhausener SV 1"]

1. Nf3 d5 2. g3 c6 3. Bg2 Bg4 4. O-O e6 5. d3 Nd7 6. e4 Ngf6 7. h3 dxe4 8. dxe4
Bh5 9. Qe1 Be7 10. Nbd2 O-O 11. Nc4 Nc5 12. e5 Nd5 13. Bd2 Bg6 14. Rc1 Ne4 15.
Ba5 b6 16. Nd4 Bc5 1/2-1/2

[Event "Krefelder SK Turm 2 - SV Turm Kamp-Lint"]
[Site "NRW-Klasse - Gruppe 3 2019/20"]
[Date "2020.01.12"]
[Round "5.1"]
[White "Ratering, Jona"]
[Black "Thomas, Ingo"]
[Result "1/2-1/2"]
[WhiteElo "2114"]
[BlackElo "2087"]
[PlyCount "48"]
[EventDate "2020.??.??"]
[SourceVersionDate "2020.03.16"]
[WhiteTeam "SV Turm Kamp-Lintfort 1"]
[BlackTeam "Krefelder SK Turm 2"]

1. Nf3 e6 2. c4 c5 3. Nc3 Nf6 4. d4 cxd4 5. Nxd4 a6 6. a3 b6 7. e4 d6 8. Be2
Bb7 9. f3 Nbd7 10. Be3 Be7 11. O-O O-O 12. Rc1 Rc8 13. Rc2 Qc7 14. Qc1 Qb8 15.
Rd1 Rfe8 16. Bf1 Bf8 17. Bf2 Qa8 18. b4 Qb8 19. Nb3 Qc7 20. Nd4 Red8 21. Na4
Qb8 22. Nb3 Bc6 23. Nc3 Bb7 24. Na4 Bc6 1/2-1/2

[Event "Krefelder SK Turm 2 - SV Turm Kamp-Lint"]
[Site "NRW-Klasse - Gruppe 3 2019/20"]
[Date "2020.01.12"]
[Round "5.2"]
[White "Maes, Valery"]
[Black "Hagen, Gunter"]
[Result "1/2-1/2"]
[WhiteElo "2065"]
[BlackElo "2100"]
[PlyCount "75"]
[EventDate "2020.??.??"]
[SourceVersionDate "2020.03.16"]
[WhiteTeam "Krefelder SK Turm 2"]
[BlackTeam "SV Turm Kamp-Lintfort 1"]

1. d4 Nf6 2. Nf3 b6 3. b3 Bb7 4. Bb2 e6 5. e3 Be7 6. Nbd2 O-O 7. Bd3 d5 8. O-O
c5 9. c4 cxd4 10. exd4 Nbd7 11. Qe2 Bd6 12. Rac1 Rc8 13. Ne5 Qe7 14. Rc2 Rc7
15. g3 Rfc8 16. Rfc1 Nf8 17. Nf1 Ba3 18. Ne3 Bxb2 19. Rxb2 dxc4 20. Rxc4 Qd6
21. Rxc7 Rxc7 22. Rc2 N8d7 23. Rxc7 Qxc7 24. Qc2 Qd6 25. Nxd7 Qxd7 26. Qc4 g6
27. Bf1 Ne4 28. Qd3 Ng5 29. Bg2 Nf3+ 30. Bxf3 Bxf3 31. Kf1 Bb7 32. Qc4 Bc6 33.
Ng4 Qb7 34. d5 Bxd5 35. Qd4 h5 36. Nf6+ Kf8 37. Nh7+ Kg8 38. Nf6+ 1/2-1/2

[Event "Krefelder SK Turm 2 - SV Turm Kamp-Lint"]
[Site "NRW-Klasse - Gruppe 3 2019/20"]
[Date "2020.01.12"]
[Round "5.3"]
[White "Westermann, Johannes"]
[Black "Gutkin, Ilya"]
[Result "0-1"]
[WhiteElo "2027"]
[BlackElo "2130"]
[Annotator "Daniel"]
[PlyCount "100"]
[EventDate "2020.??.??"]
[SourceVersionDate "2020.03.16"]
[WhiteTeam "SV Turm Kamp-Lintfort 1"]
[BlackTeam "Krefelder SK Turm 2"]

1. d4 e6 2. Nf3 Nf6 3. c4 Bb4+ 4. Bd2 Qe7 5. Nc3 c5 6. a3 Bxc3 7. Bxc3 Ne4 8.
Qc2 Nxc3 9. Qxc3 O-O 10. e3 d6 11. g3 Nc6 12. Bg2 e5 13. d5 Nb8 14. O-O Bg4 15.
Nd2 Nd7 16. h3 Bh5 17. f4 f5 18. Bf3 Bxf3 19. Nxf3 Rae8 20. Rae1 Nf6 21. Ng5 h6
22. Ne6 Ne4 23. Qc2 Rf6 24. Qg2 Rg6 25. g4 Qh4 26. fxe5 dxe5 27. Rd1 h5 28.
Rxf5 hxg4 29. Rdf1 Ng3 30. Rf8+ Rxf8 31. Rxf8+ Kh7 32. Rf2 Kg8 33. Rf8+ Kh7 34.
Rf2 Rh6 35. Rf7 Rxe6 36. dxe6 gxh3 37. Qf2 Qg4 38. Kh2 Qxe6 39. Rf3 Nh5 40.
Rxh3 g6 $11 41. b3 Kg7 42. Qg2 Kh6 43. Qxb7 e4 44. Qd5 Qg4 45. Qd2 Qg5 46. Qd6
Qf5 47. Qf4+ Qxf4+ 48. exf4 Kg7 49. Re3 Nf6 50. b4 Ng4+ 0-1

[Event "Krefelder SK Turm 2 - SV Turm Kamp-Lint"]
[Site "NRW-Klasse - Gruppe 3 2019/20"]
[Date "2020.01.12"]
[Round "5.4"]
[White "Guddat, Joachim"]
[Black "Nurkowski-Buerkle, Ruediger"]
[Result "1-0"]
[WhiteElo "2054"]
[BlackElo "1989"]
[PlyCount "91"]
[EventDate "2020.??.??"]
[SourceVersionDate "2020.03.16"]
[WhiteTeam "Krefelder SK Turm 2"]
[BlackTeam "SV Turm Kamp-Lintfort 1"]

1. d4 d5 2. Nf3 e6 3. c4 c6 4. Nc3 dxc4 5. g3 Bb4 6. Bg2 Nd7 7. Bd2 Bxc3 8.
Bxc3 Ngf6 9. Nd2 Nd5 10. Nxc4 N7b6 11. Ba5 Qe7 12. Qb3 Nxc4 13. Qxc4 O-O 14.
O-O b6 15. Bd2 Bb7 16. e4 Nc7 17. Bb4 Qd7 18. Rfd1 Rfd8 19. a4 c5 20. Bc3 Rac8
21. Qb3 Qc6 22. dxc5 Qxc5 23. Rac1 Rxd1+ 24. Qxd1 Qe7 25. Qg4 Ne8 26. h4 Nf6
27. Qg5 h6 28. Qf4 Qc7 29. Qe3 Qc5 30. Qxc5 Rxc5 31. f3 Rc7 32. Bf1 Bc8 33. Rd1
Rd7 34. Rxd7 Bxd7 35. a5 b5 36. Kf2 a6 37. Ke3 Bc8 38. Bxf6 gxf6 39. Kd4 Kf8
40. Kc5 Ke8 41. Kb6 Kd7 42. b4 Kd6 43. f4 e5 44. Bd3 f5 45. exf5 exf4 46. gxf4
1-0

[Event "Krefelder SK Turm 2 - SV Turm Kamp-Lint"]
[Site "NRW-Klasse - Gruppe 3 2019/20"]
[Date "2020.01.12"]
[Round "5.5"]
[White "Bosser, Heinz-Dieter"]
[Black "Markgraf, Jonas"]
[Result "1/2-1/2"]
[WhiteElo "1979"]
[BlackElo "2001"]
[PlyCount "105"]
[EventDate "2020.??.??"]
[SourceVersionDate "2020.03.16"]
[WhiteTeam "SV Turm Kamp-Lintfort 1"]
[BlackTeam "Krefelder SK Turm 2"]

1. d4 Nf6 2. c4 g6 3. Nc3 Bg7 4. e4 d6 5. Nf3 O-O 6. Be2 e5 7. O-O Nc6 8. d5
Ne7 9. b4 a5 10. bxa5 Rxa5 11. Nd2 Nd7 12. Nb3 Ra8 13. Be3 f5 14. f3 f4 15. Bf2
b6 16. a4 g5 17. a5 bxa5 18. Nxa5 Kh8 19. Nc6 Rxa1 20. Qxa1 Nxc6 21. dxc6 Nf6
22. Nd5 h5 23. Qa7 Nxd5 24. cxd5 g4 25. Rb1 g3 26. hxg3 fxg3 27. Bxg3 Bh6 28.
Qf2 Qg5 29. Bf1 Rg8 30. Kh2 Qf6 31. Bh4 Bf4+ 32. Kh1 Bg5 33. Bxg5 Qxg5 34. Rb8
h4 35. Rb3 Qf4 36. Qe3 Qf6 37. Rb8 Kh7 38. Kh2 Qg7 39. Qf2 Qg5 40. Ra8 Qf4+ 41.
Kh1 Qg5 42. Ra7 Rg7 43. Ba6 Bxa6 44. Rxa6 Qc1+ 45. Qg1 Qf4 46. Ra1 h3 47. Qh2
Rg3 48. Rf1 Qh4 49. Rg1 Qf4 50. Rf1 Qh4 51. Rg1 Qf4 52. Rf1 Qh4 53. Rg1 1/2-1/2

[Event "Krefelder SK Turm 2 - SV Turm Kamp-Lint"]
[Site "NRW-Klasse - Gruppe 3 2019/20"]
[Date "2020.01.12"]
[Round "5.6"]
[White "Prein, Michael"]
[Black "Esser, Jochen"]
[Result "0-1"]
[WhiteElo "2043"]
[BlackElo "2005"]
[PlyCount "92"]
[EventDate "2020.??.??"]
[SourceVersionDate "2020.03.16"]
[WhiteTeam "Krefelder SK Turm 2"]
[BlackTeam "SV Turm Kamp-Lintfort 1"]

1. e4 e5 2. Nf3 Nc6 3. d4 exd4 4. c3 d5 5. exd5 Qxd5 6. cxd4 Bb4+ 7. Nc3 Nf6 8.
Bd2 Bxc3 9. bxc3 O-O 10. Be2 Ne4 11. O-O Nxd2 12. Nxd2 Bf5 13. Bf3 Qd7 14. Nc4
Rfe8 15. Qb3 Rab8 16. Ne3 Be4 17. Bxe4 Rxe4 18. Qd5 Re7 19. Qg5 f6 20. Qh5 Qe8
21. Qf3 Qg6 22. Rab1 Qe4 23. Nd5 Ree8 24. Qxe4 Rxe4 25. Rfe1 Rxe1+ 26. Rxe1 Kf7
27. Nxc7 a6 28. Rb1 Ke7 29. d5 Na5 30. Nxa6 Rc8 31. Nb4 Rxc3 32. Kf1 Kd6 33.
Ke2 Nc4 34. g3 g5 35. Ke1 h5 36. Ke2 Ra3 37. Nc2 Rxa2 38. Kd3 Rxc2 39. Rxb7 Rb2
40. Rh7 Kxd5 41. f4 Rd2+ 42. Kc3 Rxh2 43. fxg5 fxg5 44. Rg7 g4 45. Rd7+ Nd6 46.
Rh7 Ke4 0-1

[Event "Krefelder SK Turm 2 - SV Turm Kamp-Lint"]
[Site "NRW-Klasse - Gruppe 3 2019/20"]
[Date "2020.01.12"]
[Round "5.7"]
[White "Schubert, Mario"]
[Black "Noever, Niklas"]
[Result "1/2-1/2"]
[WhiteElo "1915"]
[BlackElo "1868"]
[PlyCount "65"]
[EventDate "2020.??.??"]
[SourceVersionDate "2020.03.16"]
[WhiteTeam "SV Turm Kamp-Lintfort 1"]
[BlackTeam "Krefelder SK Turm 2"]

1. e4 c5 2. Nf3 Nc6 3. d4 cxd4 4. Nxd4 Nf6 5. Nc3 d6 6. Be2 g6 7. Be3 Bg7 8.
O-O O-O 9. Kh1 Nxd4 10. Bxd4 Nd7 11. Bxg7 Kxg7 12. Qd4+ f6 13. Nd5 Nb6 14. Ne3
Be6 15. c4 Qc7 16. Rac1 Qc5 17. Qxc5 dxc5 18. Nd5 Rad8 19. Rfd1 Rd7 20. Nf4 Bf7
21. Rxd7 Nxd7 22. Rd1 Ne5 23. b3 b6 24. g3 a5 25. Nd5 Bxd5 26. cxd5 Nf7 27. Kg2
h6 28. f3 f5 29. exf5 gxf5 30. f4 Kf6 31. Bf3 Rd8 32. Re1 Rd6 33. h3 1/2-1/2

[Event "Krefelder SK Turm 2 - SV Turm Kamp-Lint"]
[Site "NRW-Klasse - Gruppe 3 2019/20"]
[Date "2020.01.12"]
[Round "5.8"]
[White "Komans, Dieter"]
[Black "Schmidt, Konrad"]
[Result "1-0"]
[WhiteElo "2021"]
[BlackElo "1847"]
[PlyCount "83"]
[EventDate "2020.??.??"]
[SourceVersionDate "2020.03.16"]
[WhiteTeam "Krefelder SK Turm 2"]
[BlackTeam "SV Turm Kamp-Lintfort 1"]

1. e4 c5 2. Nf3 Nc6 3. Bb5 d6 4. O-O g6 5. c3 Bg7 6. d4 cxd4 7. cxd4 Bd7 8. Nc3
Nf6 9. d5 Nb8 10. Bc4 O-O 11. h3 Qb6 12. Bb3 Na6 13. Be3 Nc5 14. e5 dxe5 15.
Nxe5 Qd6 16. Nc4 Qc7 17. Rc1 Rac8 18. d6 exd6 19. Nxd6 Rcd8 20. Bxc5 Qxc5 21.
Nxb7 Qb6 22. Nxd8 Rxd8 23. Qf3 Bc6 24. Qf4 Qb7 25. Rfd1 Re8 26. Ba4 Bxa4 27.
Qxa4 Qxb2 28. Nd5 Qb8 29. Re1 Rf8 30. Ne7+ Kh8 31. Nc6 Qb2 32. Rc2 Qb6 33. Qxa7
Qb5 34. Ne5 Kg8 35. Qc5 Qb7 36. Qc6 Qb4 37. Nf3 Qf4 38. Rd2 Qf5 39. g4 Qf4 40.
Kg2 h6 41. Rd6 Nh7 42. Re4 1-0

[Event "SV Mülheim-Nord 3 - SV Turm Kamp-Lintf"]
[Site "NRW-Klasse - Gruppe 3 2019/20"]
[Date "2020.02.02"]
[Round "6.1"]
[White "Ratering, Jona"]
[Black "Walter, Andreas"]
[Result "1/2-1/2"]
[WhiteElo "2114"]
[BlackElo "2102"]
[PlyCount "23"]
[EventDate "2020.??.??"]
[SourceVersionDate "2020.03.16"]
[WhiteTeam "SV Turm Kamp-Lintfort 1"]
[BlackTeam "SV Mülheim-Nord 3"]

1. c4 c6 2. d4 d5 3. Nf3 Nf6 4. cxd5 cxd5 5. Nc3 Nc6 6. Bf4 Bf5 7. e3 e6 8. Bd3
Bxd3 9. Qxd3 Bd6 10. Bxd6 Qxd6 11. O-O O-O 12. Rfc1 1/2-1/2

[Event "SV Mülheim-Nord 3 - SV Turm Kamp-Lintf"]
[Site "NRW-Klasse - Gruppe 3 2019/20"]
[Date "2020.02.02"]
[Round "6.2"]
[White "Limbourg, Philipp"]
[Black "Hagen, Gunter"]
[Result "1/2-1/2"]
[WhiteElo "2218"]
[BlackElo "2100"]
[PlyCount "59"]
[EventDate "2020.??.??"]
[SourceVersionDate "2020.03.16"]
[WhiteTeam "SV Mülheim-Nord 3"]
[BlackTeam "SV Turm Kamp-Lintfort 1"]

1. e4 Nf6 2. e5 Nd5 3. d4 d6 4. Nf3 dxe5 5. Nxe5 g6 6. Bc4 Be6 7. Bb3 Bg7 8.
O-O O-O 9. Re1 c6 10. Nc3 Nxc3 11. bxc3 Bxb3 12. axb3 Nd7 13. Nxd7 Qxd7 14. Ba3
Rfe8 15. Qd3 e5 16. Rad1 exd4 17. Rxe8+ Rxe8 18. cxd4 Qxd4 19. Qxd4 Bxd4 20.
Kf1 c5 21. b4 b6 22. bxc5 bxc5 23. Rd3 Rc8 24. Ke2 f5 25. c3 Bf6 26. Rd5 Bxc3
27. Bxc5 Rc7 28. Kd3 Bf6 29. Be3 a6 30. Rd6 1/2-1/2